000 00881nam a22001337a 4500
040 _cRUA
082 _aAVM SUN 2009 B088 Or.1
100 _aSUN LEANGHENG
245 _aEffct of suing giant pigweed (trianthema portulacastrum) in concentrated feed on growing of quail at animalexperimental station of royal university of agriculture, (ឥទ្ធិពលនៃការប្រើប្រាស់ផ្ទីថ្មក្រៀម ក្នុងចំណីផ្សំលើការលូតលាស់របស់ក្រួច នៅស្ថានីយ៍ពិសោធន៍សត្វ នៃសាកលវិទ្យាល័យភូមិន្ទកសិកម្ម)
260 _aphnom penh
_brua
_c2009
300 _ax, 48p.
_bill.
_c29cm.
856 _uhttps://drive.google.com/file/d/1R4ekevcUeXnSljNdcLqVhUuPDWMeKYzJ/view?usp=sharing
942 _cAVM
999 _c2341
_d2341